000 01044nac a22003257a 4500
001 BR8002876
003 BR-BrBNA
005 20240105114700.0
008 230509b bl.|||m| |||| 00| 0 por d
040 _aBR-BrBNA
_bpor
_cBiblioteca Nacional de Agricultura
072 _aL30
090 _a5300 BR8002876
100 1 _aBarbosa, H.P.
100 1 _aCosta, V.
100 1 _aFialho, E.T.
100 1 _aGomes, P.C.
110 1 _aCentro Nacional de Pesquisa de Suinos e Aves, Concordia, SC (Brasil)
245 1 _aNiveis proteicos e energeticos para leitoes em recria [Nutricao animal; Racao; Proteina; Concordia; Santa Catarina; Brasil]
260 3 _aConcordia, SC (Brasil):
_c1980.
300 _a4 p.
490 _aComunicado Tecnico - Centro Nacional de Pesquisa de Suinos e Aves (Brazil)
_vno. 9
_x
650 _aLeitao
650 _aRacao
650 _aProteina
650 _aGanho de peso
650 _aCusto
650 _aSuplemento proteico
909 _a202312
_bLúcia Elande
_c55
_dLúcia Elande
942 _2AGRIS
_n0
_cMS
999 _c270715
_d270715